Understanding Peacekeeping. (Record no. 97803)
[ view plain ]
| 000 -LEADER | |
|---|---|
| fixed length control field | 00651nam a2200229 a 4500 |
| 001 - CONTROL NUMBER | |
| control field | 097803 |
| 003 - CONTROL NUMBER IDENTIFIER | |
| control field | BD-ChCU |
| 005 - DATE AND TIME OF LATEST TRANSACTION | |
| control field | 20230204170531.0 |
| 008 - FIXED-LENGTH DATA ELEMENTS--GENERAL INFORMATION | |
| fixed length control field | 010s2017 a-uk b 002 eng |
| 020 ## - INTERNATIONAL STANDARD BOOK NUMBER | |
| International Standard Book Number | 978 0 7456 4186 7 |
| 040 ## - CATALOGING SOURCE | |
| Original cataloging agency | DLC |
| Transcribing agency | DLC |
| Modifying agency | BD-ChCU |
| 082 00 - DEWEY DECIMAL CLASSIFICATION NUMBER | |
| Classification number | 355.4/G438u |
| 100 1# - MAIN ENTRY--PERSONAL NAME | |
| Personal name | Bellamy, Alex J. |
| Titles and words associated with a name | Williams, Paul D. |
| 245 00 - TITLE STATEMENT | |
| Title | Understanding Peacekeeping. |
| Statement of responsibility, etc. | |
| -- | Alex J. Bellamy. |
| 250 ## - EDITION STATEMENT | |
| Edition statement | 2nd ed |
| 260 ## - PUBLICATION, DISTRIBUTION, ETC. | |
| Place of publication, distribution, etc. | Cambridge. |
| Date of publication, distribution, etc. | Pality Press. |
| -- | 2010 |
| 300 ## - PHYSICAL DESCRIPTION | |
| Extent | xix, 447pg. |
| 504 ## - BIBLIOGRAPHY, ETC. NOTE | |
| Bibliography, etc. note | Includes index(P436-47) and bibliography(P403-35). |
| 650 #0 - SUBJECT ADDED ENTRY--TOPICAL TERM | |
| Topical term or geographic name entry element | Peace Keeping Forces. |
| Location of event | Peace. |
| 700 1# - ADDED ENTRY--PERSONAL NAME | |
| Personal name | |
| 942 ## - ADDED ENTRY ELEMENTS (KOHA) | |
| Source of classification or shelving scheme | Dewey Decimal Classification |
| Koha item type | Books |
| Withdrawn status | Lost status | Source of classification or shelving scheme | Damaged status | Not for loan | Home library | Current library | Shelving location | Date acquired | Source of acquisition | Total Checkouts | Full call number | Barcode | Date last seen | Copy number | Price effective from | Koha item type |
|---|---|---|---|---|---|---|---|---|---|---|---|---|---|---|---|---|
| Dewey Decimal Classification | Chittagong University Library | Chittagong University Library | Business and Social Science Reading Room | 08/21/2017 | Purchase | 355.4/G438u | 311471 | 08/21/2017 | 01 | 08/21/2017 | Books | |||||
| Dewey Decimal Classification | Chittagong University Library | International Relations Seminar Library | Business and Social Science Reading Room | 08/21/2017 | Purchase | 355.4/G438u | 311472 | 08/21/2017 | 02 | 08/21/2017 | Books |